| 000 | nam a22 7a 4500 | ||
|---|---|---|---|
| 999 |
_c17992 _d17992 |
||
| 008 | 161130b xxu||||| |||| 00| 0 eng d | ||
| 020 | _a0030565448 | ||
| 050 |
_aQC30 _b.S47 2002 |
||
| 100 | _aSerway,Raymond A. | ||
| 245 |
_aHolt Physics / _cRaymond A.Serway and Jerry S.Faughn |
||
| 260 |
_aAustin : _bHolt,Rinerhart and Winston , _cc2002 |
||
| 300 |
_axxiii,1002p. : _bill. ; |
||
| 500 | _aIncludes index. | ||
| 650 | _aPhysics | ||
| 700 | _aFaughn,Jerry S. | ||
| 942 |
_2lcc _cBOOKS _hQC30 .S47 2002 |
||